00524 a2200181 4500001000700000020001800007040003500025100002300060240003400083245002900117300001000146362000900156440000900165697003200174942000700206952011000213999001900323156987 a9788596015745 cEscola São Tomás de Aquino aCARRARO, Fernando 10aSomos parte da mudançalpor10aSomos parte da mudança a48 p.0 a2018 1aFTD  a*LITERATURA INFANTO JUVENIL cBK 00104070a12.22b12.22d2024-04-30l0o028.53 CAR SOMpEST00011613r2024-04-30 22:14:25w2024-04-30yBK c156987d156987